Statistiques concernant 📖 150 premiers mots "Les Hauts de Hurle-Vent" Emily Brontë

Cliquez ici pour prendre le quiz!

Statistiques générales

  • Ce quiz a Ă©tĂ© pris 35 fois
  • Le rĂ©sultat moyen est 75 sur 150

Statistiques - réponses

Mots% Correct
a
100%
Ă 
100%
Lockwood,
100%
j'
97%
l'
97%
m'
97%
monsieur.
97%
Mr
97%
-Mr
97%
s'
97%
Heathcliff
93%
Heathcliff ?
93%
Il
87%
Je ...
87%
je
87%
Je
87%
un
87%
Un
87%
de
83%
et
83%
est
80%
que
80%
se
80%
une
80%
ai
77%
ai-
77%
ce
77%
la
77%
sa
77%
au
73%
En
73%
pour
70%
si
70%
oĂą
67%
ses
67%
son
67%
mon
63%
ne
63%
dit.
60%
pas
60%
quand
60%
homme
57%
nous
57%
dans
53%
lui
50%
toute
50%
Angleterre,
47%
comme
47%
été
47%
moi
47%
plus
43%
Quel
43%
avec
40%
bien
40%
pu
40%
sommes
33%
1801 -
30%
dont
30%
vu
30%
leurs
27%
tĂŞte
27%
votre
27%
crois
23%
réponse.
23%
signe
23%
viens
23%
ci
20%
eusse
20%
moment
20%
yeux
20%
nouveau
17%
tant
17%
visite
17%
voisin
17%
après
13%
encore
13%
endroit
13%
pays-
13%
rentrer
13%
trouver,
13%
aie
10%
cheval,
10%
doutait
10%
faits
10%
guère
10%
locataire,
10%
noirs
10%
propriétaire,
10%
unique
10%
doigts
7%
inquiéter.
7%
misanthrope :
7%
nom.
7%
paradis
7%
ressentie
7%
vérité,
7%
vrai
7%
admirable !
3%
agitation
3%
arrĂŞtais
3%
complètement
3%
déclinais
3%
désert !
3%
Ă©cart
3%
enfoncer
3%
farouche
3%
gilet,
3%
merveilleux !
3%
mondaine.
3%
orbites,
3%
partager
3%
plonger,
3%
profondément
3%
résolution,
3%
suspicion
3%
sympathie
3%

Distribution des résultats

Percentile par nombre de réponses

% des personnes avec chaque résultat

Votre développement - résultats

Vous n’avez pas pris ce quiz